| 000 | 00344nam a2200121Ia 4500 | ||
|---|---|---|---|
| 008 | 220217s9999||||xx |||||||||||||| ||und|| | ||
| 020 | _a198094744 | ||
| 100 |
_aDas, Sushrut _910211 |
||
| 245 | 0 | _aMicrowave engineering | |
| 260 |
_aOxford university press _bNew Delhi _c2015 |
||
| 300 |
_aXXII, 880p. _b595 |
||
| 650 | _aMicrowave engineering | ||
| 999 |
_c188506 _d188506 |
||